| 000 | 01030nam a2200337 i 4500 | ||
|---|---|---|---|
| 001 | 7991 | ||
| 003 | KOSZ 005 | ||
| 005 | 20190828121703.0 | ||
| 008 | 070620s1969 pl a f 000 0 pol | ||
| 015 | _aPB 1969/2022 | ||
| 040 |
_aWA N _cKOSZ 005/RW _dKOSZ 005/RW _dKOSZ 005/HR |
||
| 046 | _k1969 | ||
| 080 | _a691 | ||
| 080 | _a624.012.4 | ||
| 100 | 1 |
_aHazler, Tadeusz. _eAutor. |
|
| 245 | 1 | 0 |
_aBudynki z żużlobetonu / _cTadeusz Hazler. |
| 250 | _aWyd. 3 rozsz. i uzup. | ||
| 260 |
_aWarszawa : _bArkady, _c1969. |
||
| 300 |
_a119, [1] s. : _bil. ; _c23 cm. |
||
| 380 | _aKsiążki. | ||
| 388 | _a1901-2000 | ||
| 490 | 1 | _aBudujemy Sami | |
| 650 | 4 | _aŻużlobeton. | |
| 658 | _aArchitektura i budownictwo | ||
| 650 | 4 | _aMateriały budowlane | |
| 650 | 4 | _aKonstrukcje betonowe | |
| 710 | 2 |
_aWydawnictwo "Arkady". _4pbl. |
|
| 830 | 0 | _aBudujemy Sami. | |
| 856 |
_uhttp://koha.tu.koszalin.pl/cgi-bin/koha/opac-detail.pl?biblionumber=7991 _yKatalog online BPK |
||
| 942 |
_2UKD _cKS |
||
| 999 |
_c7991 _d7991 |
||